00518nam a2200169Ia 450000500170000000800410001708200150005810000210007324500440009425000080013826000580014630000120020465000160021694200060023295200970023899900130033520250429051311.0240331s9999 xx 000 0 und d a291.5bSIP aSithpawanandan,S 0aTiruppaval tiruvembaval and tiruvasakam a2nd aThirupparaithuraibSree Rama Krishna Thapovanamc1992 a32 p ., aThiruppavai cL 001040708LaWERCLbWERCLcSSCd2024-03-31l0o 291.5 SIPp1576r2024-03-31w2024-03-31yL c959d959